| 000 | 00479nam a2200181Ia 4500 | ||
|---|---|---|---|
| 001 | 10034 | ||
| 003 | GE_BSU | ||
| 008 | 181216s||||||||xx |||||||||||||| ||und|| | ||
| 040 | _cGE_BSU | ||
| 245 | _aАзия и Африка сегодня. №4(681). 2014 | ||
| 245 | _cГл.ред.А.М.Васильев | ||
| 260 | _aМосква | ||
| 260 | _bНаука | ||
| 260 | _c2014 | ||
| 300 | _a80გვ.29სმ. | ||
| 653 | _aАзия и Африка сегодня | ||
| 942 | _cCR | ||
| 999 |
_c43307 _d43307 |
||